000 00801cab a2200241 4500
001 WB2744-21
008 090401t1991 xxu||||| |||| 00| 0 eng d
035 _a(Sirsi) u39967
041 _aeng
245 _aCoal mining search form
260 _c1991
350 _a0
490 _aOyez Forms Information Service
_v(24) October 1991 (2)
520 _aAs a result of the Coal Mining Act 1991, a new form is published covering enquiries about advance notice to property owners of proposals for underground mining, blight payments and preventive measures to buildings.
650 _aCOAL MINING ACT 1991
650 _aCOAL MINING SEARCH FORM
650 _aCONVEYANCING
650 _aFORMS
650 _aLOCAL SEARCHES
690 _aMINING AND MINERALS
942 _n0
948 _c04/03/1997
999 _c25589
_d25589